[Event "75th DEN-ch"]
[Site "Randers DEN"]
[Date "1996.??.??"]
[Round "1"]
[White "Danielsen, Henrik"]
[Black "Borge, Nikolaj"]
[Result "1/2-1/2"]
[WhiteElo "2485"]
[BlackElo "2455"]
[EventDate "1996.??.??"]
[PlyCount "105"]

1.d4 d5 2.c4 dxc4 3.Nf3 Nf6 4.e3 e6 5.Bxc4 c5 6.O-O a6 7.Nbd2 Nc6 8.dxc5 
Bxc5 9.b3 O-O 10.Bb2 Qe7 11.a3 e5 12.Qc2 Bg4 13.Ng5 Bh5 14.Bd3 Bg6 15.Bxg6
hxg6 16.Ndf3 Nh7 17.h4 Nf6 18.Rfd1 Rad8 19.Rxd8 Rxd8 20.b4 Ba7 21.Rd1 
Rxd1+ 22.Qxd1 Qd7 23.Qb3 Qd5 24.Qc2 Nd7 25.e4 Qa2 26.Qd2 Nd4 27.Bxd4 Qxd2 
28.Nxd2 Bxd4 29.Ngf3 Bb2 30.Nb1 b5 31.Ne1 Nb6 32.Nd3 Nc4 33.Nc5 Bxa3 34.
Nxa6 Bb2 35.Nc7 Nd6 36.f3 f5 37.Kf1 Kf7 38.Ke2 Bd4 39.Kd3 Bb6 40.Nd5 fxe4+
41.fxe4 Bf2 42.Na3 Bxh4 43.Nc7 Be7 44.Naxb5 Nxb5 45.Nxb5 Bxb4 46.Kc4 Be1 
47.Kd5 Kf6 48.Nd6 Kg5 49.Nf7+ Kf4 50.Nxe5 Kg3 51.Nxg6 Bc3 52.e5 Bxe5 53.
Kxe5 1/2-1/2

[Event "75th DEN-ch"]
[Site "Randers DEN"]
[Date "1996.??.??"]
[Round "1"]
[White "Hoei, Carsten"]
[Black "Hansen, Lars Bo"]
[Result "1-0"]
[WhiteElo "2435"]
[BlackElo "2565"]
[EventDate "1996.??.??"]
[PlyCount "81"]

1.d4 d5 2.c4 dxc4 3.Nf3 Nf6 4.e3 e6 5.Bxc4 c5 6.O-O a6 7.Nc3 b5 8.Bb3 Bb7 
9.Qe2 Nbd7 10.Rd1 Qc7 11.e4 cxd4 12.Nxd4 Nc5 13.e5 Nfd7 14.Bf4 b4 15.Na4 
Nxb3 16.axb3 Bd5 17.Nf5 Qc6 18.Qd2 Rd8 19.Bg5 Rb8 20.Rac1 Qb7 21.Ne3 Bxb3 
22.Nb6 Bxd1 23.Rxd1 Be7 24.Nxd7 Rd8 25.Bxe7 Rxd7 26.Bd6 h5 27.Ra1 f6 28.
Qd3 Kf7 29.f4 f5 30.Rxa6 Rc8 31.Ra1 Qb6 32.h3 Ra7 33.Rxa7+ Qxa7 34.Kh2 Qd7
35.Qb3 Qa7 36.Qxb4 Qxe3 37.Qb7+ Kg6 38.Qxc8 Qxf4+ 39.Kg1 Kh7 40.Qc2 Qe3+ 
41.Qf2 1-0

[Event "75th DEN-ch"]
[Site "Randers DEN"]
[Date "1996.??.??"]
[Round "1"]
[White "Kristiansen, Jens"]
[Black "Schandorff, Lars"]
[Result "1/2-1/2"]
[WhiteElo "2440"]
[BlackElo "2485"]
[EventDate "1996.??.??"]
[PlyCount "69"]

1.e4 c5 2.Nf3 Nc6 3.d4 cxd4 4.Nxd4 Nf6 5.Nc3 e5 6.Ndb5 d6 7.a4 a6 8.Na3 
Bg4 9.f3 Be6 10.Nc4 Rc8 11.Be3 Nb4 12.Nb6 Rc6 13.a5 d5 14.exd5 Nfxd5 15.
Nbxd5 Nxd5 16.Nxd5 Bxd5 17.Qd2 Qh4+ 18.Bf2 Qb4 19.c3 Qd6 20.Bd3 Bb3 21.O-O
Be7 22.Qe2 O-O 23.Rfe1 Bd8 24.Ra3 Be6 25.Qc2 g6 26.Raa1 Qb8 27.Bg3 Bf6 28.
Be4 Rcc8 29.Bf2 Bd8 30.Qa4 Be7 31.Rad1 Bc5 32.Bxc5 Rxc5 33.Rd2 Qc7 34.Ra1 
Kg7 35.Qb4 1/2-1/2

[Event "75th DEN-ch"]
[Site "Randers DEN"]
[Date "1996.??.??"]
[Round "1"]
[White "Mortensen, Erling"]
[Black "Nielsen, Peter Heine"]
[Result "1/2-1/2"]
[WhiteElo "2430"]
[BlackElo "2495"]
[EventDate "1996.??.??"]
[PlyCount "57"]

1.e4 e5 2.Nf3 Nf6 3.d4 Nxe4 4.Bd3 d5 5.Nxe5 Nd7 6.Nc3 Nxe5 7.dxe5 Nxc3 8.
bxc3 Bc5 9.O-O Be6 10.Qe2 O-O 11.Be3 Bxe3 12.Qxe3 f5 13.f4 Qe7 14.a4 b6 
15.a5 Rab8 16.Rfb1 c5 17.axb6 Rxb6 18.Rd1 Qc7 19.Ra3 Rfb8 20.Raa1 Rb2 21.
g4 fxg4 22.f5 c4 23.Rxa7 Qc6 24.fxe6 cxd3 25.Rxg7+ Kxg7 26.Qg5+ Kh8 27.
Qf6+ Kg8 28.Qf7+ Kh8 29.Qf6+ 1/2-1/2

[Event "75th DEN-ch"]
[Site "Randers DEN"]
[Date "1996.??.??"]
[Round "2"]
[White "Danielsen, Henrik"]
[Black "Mortensen, Erling"]
[Result "1-0"]
[WhiteElo "2485"]
[BlackElo "2430"]
[EventDate "1996.??.??"]
[PlyCount "79"]

1.d4 Nf6 2.Nf3 g6 3.c4 Bg7 4.g3 O-O 5.Bg2 c5 6.O-O cxd4 7.Nxd4 Nc6 8.Nc2 
b6 9.Nc3 Bb7 10.b3 d6 11.Bb2 Nd7 12.Qd2 Qb8 13.Ne3 Re8 14.Ncd5 f6 15.h4 
Nce5 16.h5 e6 17.Nc3 Bxg2 18.Nxg2 Nf7 19.hxg6 hxg6 20.Rad1 Nde5 21.Ne3 f5 
22.f4 Nd7 23.Nb5 Nf6 24.Bxf6 Bxf6 25.b4 Rd8 26.Nd4 Qc8 27.Nf3 a5 28.b5 Qc5
29.Kg2 g5 30.fxg5 Nxg5 31.Nd5 exd5 32.Nxg5 dxc4 33.Ne4 fxe4 34.Rxf6 Ra7 
35.Qh6 Rh7 36.Rg6+ Kh8 37.Rh1 Qc7 38.Qg5 Rxh1 39.Qf6+ Kh7 40.Kxh1 1-0

[Event "75th DEN-ch"]
[Site "Randers DEN"]
[Date "1996.??.??"]
[Round "2"]
[White "Hansen, Lars Bo"]
[Black "Kristiansen, Jens"]
[Result "1/2-1/2"]
[WhiteElo "2565"]
[BlackElo "2440"]
[EventDate "1996.??.??"]
[PlyCount "111"]

1.Nf3 f5 2.b3 d6 3.d4 Nf6 4.g3 g6 5.Bg2 Bg7 6.Bb2 O-O 7.c4 c6 8.Nbd2 Kh8 
9.Qc2 d5 10.O-O Be6 11.Ne5 Nbd7 12.Nd3 Ne4 13.Rac1 Rc8 14.Nf3 Bf7 15.c5 g5
16.Nfe5 e6 17.f3 Nef6 18.Qd2 h6 19.Rcd1 Nxe5 20.Nxe5 Nd7 21.Nd3 Bg6 22.Rf2
Qe7 23.f4 Bh5 24.Bf3 Bxf3 25.exf3 Rf7 26.Re2 Nf8 27.Bc3 Bf6 28.Qb2 Rg7 29.
b4 g4 30.fxg4 Rxg4 31.Rg2 Qg7 32.Qf2 h5 33.h3 Rg6 34.h4 Rc7 35.Kh1 Qg8 36.
Rdg1 Rcg7 37.Ne1 Rg4 38.Nf3 Kh7 39.Be1 Qf7 40.Qe2 Kh6 41.Bf2 Rg8 42.Ng5 
Bxg5 43.hxg5+ Kh7 44.Rh2 Rh8 45.Rb1 a6 46.a4 Kg8 47.b5 axb5 48.axb5 cxb5 
49.Rxb5 Qc7 50.Rb6 h4 51.gxh4 Qxf4 52.Rxe6 Nxe6 53.Qxe6+ Kg7 54.Qf6+ Kg8 
55.Qe6+ Kg7 56.Qf6+ 1/2-1/2

[Event "75th DEN-ch"]
[Site "Randers DEN"]
[Date "1996.??.??"]
[Round "2"]
[White "Hansen, Sune Berg"]
[Black "Hoei, Carsten"]
[Result "1/2-1/2"]
[WhiteElo "2495"]
[BlackElo "2435"]
[EventDate "1996.??.??"]
[PlyCount "81"]

1.e4 g6 2.d4 Bg7 3.Nc3 c6 4.f4 d6 5.Nf3 Bg4 6.Be3 Qb6 7.Qd2 Bxf3 8.gxf3 
Qa5 9.O-O-O b5 10.Kb1 Nd7 11.Ne2 Qxd2 12.Bxd2 Ngf6 13.Ng3 h5 14.h4 Bh6 15.
f5 Bxd2 16.Rxd2 O-O-O 17.c4 b4 18.Bh3 Kc7 19.fxg6 fxg6 20.Ne2 e5 21.Rg1 
Rhg8 22.Rdd1 c5 23.d5 Nb6 24.b3 Nc8 25.Be6 Rg7 26.Rg3 Ne7 27.Ng1 Re8 28.
Nh3 Nh7 29.Rdg1 Rf8 30.Rf1 Rf6 31.f4 exf4 32.Rxf4 Rxf4 33.Nxf4 Nf6 34.Bf5 
Rf7 35.Ne6+ Kb6 36.Ng5 Rf8 37.Be6 Ne8 38.Bf7 Nf6 39.Be6 Ne8 40.Bf7 Nf6 41.
Be6 1/2-1/2

[Event "75th DEN-ch"]
[Site "Randers DEN"]
[Date "1996.??.??"]
[Round "2"]
[White "Nielsen, Peter Heine"]
[Black "Andreasen, Per"]
[Result "1-0"]
[WhiteElo "2495"]
[BlackElo "2325"]
[EventDate "1996.??.??"]
[PlyCount "81"]

1.d4 g6 2.c4 Bg7 3.Nc3 d6 4.Nf3 Bg4 5.e3 Nc6 6.Be2 e5 7.d5 Nce7 8.e4 h6 9.
O-O Bxf3 10.Bxf3 f5 11.exf5 Nxf5 12.Bg4 Nge7 13.Qb3 b6 14.Ne4 O-O 15.Be3 
Nxe3 16.Be6+ Kh7 17.fxe3 Ng8 18.Bxg8+ Kxg8 19.Rxf8+ Qxf8 20.Rf1 Qe7 21.Qc2
h5 22.Qf2 Rf8 23.Qg3 Rxf1+ 24.Kxf1 Qf7+ 25.Ke2 Bh6 26.Qh3 Qf5 27.Qxf5 gxf5
28.Nf6+ Kf7 29.Nxh5 Kg6 30.Ng3 Bxe3 31.Kxe3 f4+ 32.Kf3 fxg3 33.Kxg3 Kg5 
34.Kf3 Kh4 35.h3 Kg5 36.g3 Kf5 37.g4+ Kg5 38.Kg3 Kh6 39.h4 Kg6 40.g5 Kf5 
41.Kf3 {Ribli} 1-0

[Event "75th DEN-ch"]
[Site "Randers DEN"]
[Date "1996.??.??"]
[Round "3"]
[White "Andreasen, Per"]
[Black "Danielsen, Henrik"]
[Result "0-1"]
[WhiteElo "2325"]
[BlackElo "2485"]
[EventDate "1996.??.??"]
[PlyCount "116"]

1.Nf3 Nf6 2.c4 e6 3.g3 d5 4.Bg2 Be7 5.O-O O-O 6.d4 Nbd7 7.Qc2 c6 8.Nbd2 b6
9.b3 Bb7 10.e4 Rc8 11.Bb2 Qc7 12.Rfe1 dxe4 13.Nxe4 c5 14.Nxf6+ Bxf6 15.
dxc5 Bxf3 16.Bxf3 bxc5 17.Rad1 Rfd8 18.Rd2 Ne5 19.Bxe5 Bxe5 20.Red1 Rxd2 
21.Qxd2 a5 22.Qd7 Bd4 23.Qxc7 Rxc7 24.Kg2 f5 25.Ba8 Kf7 26.f4 Kf6 27.h4 g6
28.Kf3 Re7 29.Rd2 h6 30.g4 g5 31.hxg5+ hxg5 32.fxg5+ Kxg5 33.gxf5 exf5 34.
Rg2+ Kf6 35.Re2 Rh7 36.Bd5 Rh3+ 37.Kg2 Rc3 38.Re6+ Kg5 39.Re2 Kg4 40.Be6 
Rg3+ 41.Kh1 Kf3 42.Rg2 Rxg2 43.Bd5+ Kf2 44.Bxg2 Be5 45.Bh3 f4 46.Bf5 f3 
47.Bg4 Kg3 48.Bh5 Bd4 49.Bg6 f2 50.Bd3 Kf3 51.Bf1 Ke3 52.Kg2 Kd2 53.Kf3 
Ke1 54.Kg2 Bc3 55.Bd3 Bb2 56.Bf1 Bd4 57.Bd3 Kd2 58.Be4 Ke2 0-1

[Event "75th DEN-ch"]
[Site "Randers DEN"]
[Date "1996.??.??"]
[Round "3"]
[White "Hoei, Carsten"]
[Black "Nielsen, Peter Heine"]
[Result "1/2-1/2"]
[WhiteElo "2435"]
[BlackElo "2495"]
[EventDate "1996.??.??"]
[PlyCount "25"]

1.d4 Nf6 2.c4 e6 3.Nc3 Bb4 4.e3 O-O 5.Bd3 d5 6.Nf3 c5 7.O-O dxc4 8.Bxc4 b6
9.Qe2 cxd4 10.exd4 Bb7 11.Bg5 Bxc3 12.bxc3 Nbd7 13.Bd3 1/2-1/2

[Event "75th DEN-ch"]
[Site "Randers DEN"]
[Date "1996.??.??"]
[Round "3"]
[White "Kristiansen, Jens"]
[Black "Hansen, Sune Berg"]
[Result "1/2-1/2"]
[WhiteElo "2440"]
[BlackElo "2495"]
[EventDate "1996.??.??"]
[PlyCount "47"]

1.e4 c5 2.d3 e6 3.Nf3 a6 4.g3 d6 5.Bg2 Nd7 6.O-O Be7 7.c3 Ngf6 8.Re1 O-O 
9.d4 b5 10.e5 Nd5 11.Nbd2 cxd4 12.exd6 Bxd6 13.Nxd4 Bb7 14.a4 Qb6 15.Qe2 
Bc5 16.N2b3 b4 17.a5 Qa7 18.Nxc5 Qxc5 19.Nb3 Qc8 20.c4 N5f6 21.f3 e5 22.
Be3 Bc6 23.Red1 Qc7 24.Qf2 1/2-1/2

[Event "75th DEN-ch"]
[Site "Randers DEN"]
[Date "1996.??.??"]
[Round "3"]
[White "Mortensen, Erling"]
[Black "Borge, Nikolaj"]
[Result "1/2-1/2"]
[WhiteElo "2430"]
[BlackElo "2455"]
[EventDate "1996.??.??"]
[PlyCount "82"]

1.e4 c5 2.Nf3 d6 3.d4 cxd4 4.Nxd4 Nf6 5.Nc3 g6 6.Be3 Bg7 7.f3 Nc6 8.Qd2 
O-O 9.O-O-O Nxd4 10.Bxd4 Be6 11.Kb1 Qc7 12.Bb5 Qa5 13.Ba4 b5 14.Bb3 b4 15.
Ne2 Qb5 16.Be3 Bd7 17.Nd4 Qb7 18.h4 a5 19.h5 a4 20.Bc4 Rfc8 21.Bd3 e5 22.
Ne2 Be6 23.hxg6 fxg6 24.Bg5 d5 25.Ng3 d4 26.Bh6 Bxh6 27.Rxh6 b3 28.cxb3 
Bxb3 29.Rc1 Bf7 30.Rhh1 Qb6 31.Rxc8+ Rxc8 32.Rc1 Rxc1+ 33.Qxc1 Bxa2+ 34.
Kxa2 Qb3+ 35.Ka1 Qxd3 36.Qc8+ Kf7 37.Qc7+ Ke6 38.Qc6+ Ke7 39.Qc5+ Ke6 40.
Qc6+ Kf7 41.Qc7+ Ke6 1/2-1/2

[Event "75th DEN-ch"]
[Site "Randers DEN"]
[Date "1996.??.??"]
[Round "3"]
[White "Schandorff, Lars"]
[Black "Hansen, Lars Bo"]
[Result "1-0"]
[WhiteElo "2485"]
[BlackElo "2565"]
[EventDate "1996.??.??"]
[PlyCount "135"]

1.d4 d5 2.c4 dxc4 3.e3 Nf6 4.Bxc4 e6 5.Nf3 c5 6.Qe2 cxd4 7.exd4 Be7 8.O-O 
O-O 9.Nc3 Nbd7 10.Bb3 Nb6 11.Re1 h6 12.Bd2 Nfd5 13.Rad1 Bd6 14.Ne5 Bd7 15.
Qg4 f5 16.Qf3 Bxe5 17.Rxe5 Kh8 18.Nxd5 Nxd5 19.Bxd5 exd5 20.Rxd5 Rf7 21.
Re5 Qb6 22.Bc3 Re8 23.Rxe8+ Bxe8 24.Re1 Bc6 25.d5 Bd7 26.Qf4 Kh7 27.h3 Qg6
28.Re3 Qg5 29.Qe5 f4 30.Qxg5 hxg5 31.Re5 Kg6 32.f3 Rf5 33.Re7 Rxd5 34.
Rxg7+ Kh6 35.Rf7 Bc6 36.h4 Rd7 37.Rf8 gxh4 38.Rxf4 Bb5 39.Kh2 Rd1 40.Bf6 
Rd2 41.Rxh4+ Kg6 42.Rf4 a6 43.Bc3 Rc2 44.Kh3 Rf2 45.Rf6+ Kh7 46.a3 Kg8 47.
Kg3 Rc2 48.Rd6 Kf7 49.Rd2 Rc1 50.Kf4 Rf1 51.Kg5 Rg1 52.Rf2 Bd7 53.g4 Ba4 
54.Rh2 Bd1 55.Rh7+ Ke6 56.Rh6+ Kd5 57.Kf4 Rf1 58.Rh3 Be2 59.Ke3 Bd1 60.Rg3
Ke6 61.f4 Kf7 62.f5 b5 63.Ke4 Rf2 64.Ke5 Re2+ 65.Kf4 Rf2+ 66.Kg5 Rf1 67.
Bd4 Re1 68.Rg1 1-0

[Event "75th DEN-ch"]
[Site "Randers DEN"]
[Date "1996.??.??"]
[Round "4"]
[White "Danielsen, Henrik"]
[Black "Hoei, Carsten"]
[Result "1-0"]
[WhiteElo "2485"]
[BlackElo "2435"]
[EventDate "1996.??.??"]
[PlyCount "83"]

1.d4 g6 2.Nf3 Bg7 3.c4 d6 4.g3 Nf6 5.Bg2 O-O 6.Nc3 Bg4 7.O-O Bxf3 8.exf3 
c6 9.d5 Nbd7 10.Be3 Qa5 11.f4 Nb6 12.dxc6 bxc6 13.Bxc6 Rac8 14.Nd5 Nfxd5 
15.cxd5 Bxb2 16.Bxb6 axb6 17.Rb1 Ba3 18.Qd3 Bc5 19.a4 Qa7 20.f5 Kg7 21.
Rbe1 Rc7 22.Kg2 Qb8 23.Qf3 Kg8 24.Qf4 Qc8 25.fxg6 hxg6 26.Bb5 Kg7 27.Re2 
Rh8 28.h4 Rh5 29.Qf3 Qf5 30.Qxf5 Rxf5 31.Bc6 Kf8 32.f4 Rh5 33.Rb1 e6 34.a5
bxa5 35.dxe6 fxe6 36.Bf3 Rhh7 37.Rxe6 Ra7 38.Rxg6 a4 39.Bd5 a3 40.Re1 Rh8 
41.Re2 Bd4 42.Rxd6 1-0

[Event "75th DEN-ch"]
[Site "Randers DEN"]
[Date "1996.??.??"]
[Round "4"]
[White "Hansen, Sune Berg"]
[Black "Schandorff, Lars"]
[Result "1/2-1/2"]
[WhiteElo "2495"]
[BlackElo "2485"]
[EventDate "1996.??.??"]
[PlyCount "56"]

1.e4 c5 2.Nf3 Nc6 3.d4 cxd4 4.Nxd4 Nf6 5.Nc3 e5 6.Ndb5 d6 7.Bg5 a6 8.Na3 
b5 9.Bxf6 gxf6 10.Nd5 Bg7 11.Bd3 Ne7 12.Nxe7 Qxe7 13.c3 f5 14.O-O O-O 15.
Nc2 Bb7 16.exf5 d5 17.Re1 Qg5 18.g3 e4 19.Bf1 Qxf5 20.a4 bxa4 21.Rxa4 Qg6 
22.Rb4 Bc6 23.Nd4 Bd7 24.Qb3 Qd6 25.Rb6 Qc5 26.Rb7 Rfd8 27.Rd1 a5 28.Nc2 
Bc6 1/2-1/2

[Event "75th DEN-ch"]
[Site "Randers DEN"]
[Date "1996.??.??"]
[Round "4"]
[White "Nielsen, Peter Heine"]
[Black "Kristiansen, Jens"]
[Result "1-0"]
[WhiteElo "2495"]
[BlackElo "2440"]
[EventDate "1996.??.??"]
[PlyCount "73"]

1.Nf3 f5 2.c4 Nf6 3.g3 g6 4.Bg2 Bg7 5.O-O O-O 6.d4 c6 7.Nc3 d6 8.d5 Bd7 9.
Re1 Na6 10.Nd4 Qb6 11.Na4 Qc7 12.Bg5 Rae8 13.Rc1 e5 14.dxe6 Bxe6 15.Bxf6 
Rxf6 16.Nxe6 Rfxe6 17.Bd5 Qa5 18.Bxe6+ Rxe6 19.Qb3 Re7 20.Red1 Qe5 21.e3 
h5 22.Qd3 Re6 23.h4 Qa5 24.b3 Nb8 25.Qd2 Qe5 26.Nc3 Nd7 27.Ne2 Qe4 28.Qc2 
Be5 29.Nf4 Rf6 30.b4 Kg7 31.c5 d5 32.Qxe4 fxe4 33.Nxd5 cxd5 34.Rxd5 Rf7 
35.Rcd1 Nf6 36.Rxe5 Ng4 37.Rxe4 1-0

[Event "75th DEN-ch"]
[Site "Randers DEN"]
[Date "1996.??.??"]
[Round "5"]
[White "Hoei, Carsten"]
[Black "Mortensen, Erling"]
[Result "1/2-1/2"]
[WhiteElo "2435"]
[BlackElo "2430"]
[EventDate "1996.??.??"]
[PlyCount "124"]

1.d4 d5 2.Nf3 Nc6 3.Bf4 Bg4 4.e3 e6 5.h3 Bh5 6.c4 Bd6 7.Bxd6 Qxd6 8.Nbd2 
Nge7 9.Be2 O-O 10.O-O Kh8 11.Re1 f5 12.a3 f4 13.c5 Qd7 14.b4 fxe3 15.fxe3 
Bxf3 16.Nxf3 Ng6 17.Bd3 Nce7 18.Ng5 h6 19.Qh5 Rf6 20.Bxg6 Nxg6 21.Rf1 Qe7 
22.Rxf6 Qxf6 23.Nf3 c6 24.a4 Qf5 25.Qxf5 exf5 26.g3 a6 27.Kf2 Kg8 28.Rb1 
Kf7 29.Ke2 Ke6 30.Kd3 Nf8 31.Ne5 Nd7 32.Nxd7 Kxd7 33.h4 g6 34.Ke2 Re8 35.
b5 axb5 36.axb5 Kc7 37.Kf3 h5 38.Rb3 Re4 39.b6+ Kd7 40.Ra3 Re7 41.Ra7 Ke6 
42.Ra8 Kf6 43.Rf8+ Kg7 44.Rc8 Kf7 45.Rd8 Re8 46.Rd7+ Re7 47.Rc7 Kf6 48.Rc8
Kg7 49.Rb8 Kf6 50.Rd8 Kg7 51.Rd6 Kh6 52.Kf2 Kh7 53.Rd8 Kg7 54.Rc8 Kf6 55.
Ke2 Kf7 56.Rc7 Ke6 57.Rc8 Kf7 58.Rd8 Kf6 59.Rb8 Kf7 60.Kf2 Kg7 61.Rc8 Kf6 
62.Rd8 Kf7 1/2-1/2

[Event "75th DEN-ch"]
[Site "Randers DEN"]
[Date "1996.??.??"]
[Round "5"]
[White "Kristiansen, Jens"]
[Black "Danielsen, Henrik"]
[Result "1/2-1/2"]
[WhiteElo "2440"]
[BlackElo "2485"]
[EventDate "1996.??.??"]
[PlyCount "44"]

1.e4 c6 2.d4 d5 3.exd5 cxd5 4.Bd3 Nc6 5.c3 Qc7 6.Nf3 Bg4 7.Nbd2 e6 8.Nf1 
Bd6 9.Ng3 Bf4 10.O-O h5 11.h3 Bxc1 12.Rxc1 h4 13.hxg4 hxg3 14.g5 gxf2+ 15.
Rxf2 Nge7 16.Qe1 Qg3 17.Rf1 Qg4 18.Ne5 Qh5 19.Qg3 Nxe5 20.Qxe5 O-O-O 21.
Rce1 Nc6 22.Qg3 Rd7 1/2-1/2

[Event "75th DEN-ch"]
[Site "Randers DEN"]
[Date "1996.??.??"]
[Round "5"]
[White "Schandorff, Lars"]
[Black "Nielsen, Peter Heine"]
[Result "1/2-1/2"]
[WhiteElo "2485"]
[BlackElo "2495"]
[EventDate "1996.??.??"]
[PlyCount "31"]

1.d4 Nf6 2.c4 g6 3.Nc3 Bg7 4.e4 d6 5.Be2 O-O 6.Nf3 c5 7.O-O cxd4 8.Nxd4 
Nc6 9.Be3 Bd7 10.Qd2 Nxd4 11.Bxd4 Bc6 12.f3 a5 13.Rac1 Nd7 14.Be3 Nc5 15.
b3 Qb6 16.Nd5 1/2-1/2

[Event "75th DEN-ch"]
[Site "Randers DEN"]
[Date "1996.??.??"]
[Round "6"]
[White "Borge, Nikolaj"]
[Black "Hansen, Sune Berg"]
[Result "1/2-1/2"]
[WhiteElo "2455"]
[BlackElo "2495"]
[EventDate "1996.??.??"]
[PlyCount "28"]

1.e4 c5 2.Nf3 d6 3.d4 cxd4 4.Nxd4 Nf6 5.Nc3 g6 6.Bc4 Bg7 7.O-O O-O 8.Bb3 
Nc6 9.Nf3 Bg4 10.h3 Bxf3 11.Qxf3 Nd7 12.Bf4 Nc5 13.Rfe1 a5 14.Rab1 Ne5 
1/2-1/2

[Event "75th DEN-ch"]
[Site "Randers DEN"]
[Date "1996.??.??"]
[Round "6"]
[White "Danielsen, Henrik"]
[Black "Schandorff, Lars"]
[Result "1-0"]
[WhiteElo "2485"]
[BlackElo "2485"]
[EventDate "1996.??.??"]
[PlyCount "71"]

1.c4 Nf6 2.Nc3 e5 3.Nf3 Nc6 4.g3 Bc5 5.Bg2 d6 6.O-O O-O 7.e3 Bb6 8.b3 Be6 
9.h3 h6 10.d4 exd4 11.exd4 Bf5 12.a3 a5 13.Bb2 Re8 14.d5 Ne5 15.Nxe5 dxe5 
16.Na4 Ba7 17.Re1 Qd6 18.Qd2 e4 19.Bd4 Bxd4 20.Qxd4 c6 21.Qc5 Qxc5 22.Nxc5
cxd5 23.Nxb7 Reb8 24.Nd6 Be6 25.Rab1 a4 26.cxd5 Nxd5 27.bxa4 Rxb1 28.Rxb1 
f5 29.h4 h5 30.Bh3 g6 31.Nxe4 Bf7 32.Nd6 Nc3 33.Bg2 Ra7 34.Rb8+ Kg7 35.a5 
Bg8 36.Rb7+ 1-0

[Event "75th DEN-ch"]
[Site "Randers DEN"]
[Date "1996.??.??"]
[Round "7"]
[White "Hansen, Lars Bo"]
[Black "Danielsen, Henrik"]
[Result "1/2-1/2"]
[WhiteElo "2565"]
[BlackElo "2485"]
[EventDate "1996.??.??"]
[PlyCount "92"]

1.Nf3 Nf6 2.c4 e6 3.e3 b6 4.b3 Bb7 5.Bb2 Be7 6.Be2 d5 7.d3 O-O 8.Nbd2 c5 
9.O-O Nc6 10.a3 Bd6 11.cxd5 exd5 12.Re1 Re8 13.g3 Rc8 14.Bf1 Ne5 15.Nxe5 
Bxe5 16.d4 Bd6 17.Bg2 Qe7 18.dxc5 bxc5 19.Rc1 Be5 20.Bxe5 Qxe5 21.b4 cxb4 
22.axb4 Qb2 23.Rb1 Qc3 24.Rb3 Qc7 25.Qa1 Qc2 26.Rb2 Qc3 27.Nb3 Ne4 28.Nd4 
a6 29.Rbb1 Qc7 30.Nf5 Nc3 31.Rbc1 Qe5 32.Nd4 Ne4 33.Qb2 h5 34.Rxc8 Bxc8 
35.Rb1 Qd6 36.Ne2 Bf5 37.Rd1 Rb8 38.Nf4 Rxb4 39.Qa1 Rb5 40.Nxh5 f6 41.Nf4 
Qc6 42.Qa2 Kh7 43.Qe2 g6 44.Bxe4 Bxe4 45.f3 Bc2 46.Ra1 g5 1/2-1/2

[Event "75th DEN-ch"]
[Site "Randers DEN"]
[Date "1996.??.??"]
[Round "7"]
[White "Hansen, Sune Berg"]
[Black "Nielsen, Peter Heine"]
[Result "1/2-1/2"]
[WhiteElo "2495"]
[BlackElo "2495"]
[EventDate "1996.??.??"]
[PlyCount "25"]

1.e4 e5 2.Nf3 Nf6 3.Nxe5 d6 4.Nf3 Nxe4 5.d3 Nf6 6.d4 d5 7.c4 Bb4+ 8.Nc3 
O-O 9.Be2 dxc4 10.Bxc4 c5 11.O-O Nc6 12.dxc5 Bxc5 13.Bg5 1/2-1/2

[Event "75th DEN-ch"]
[Site "Randers DEN"]
[Date "1996.??.??"]
[Round "7"]
[White "Hoei, Carsten"]
[Black "Borge, Nikolaj"]
[Result "1-0"]
[WhiteElo "2435"]
[BlackElo "2455"]
[EventDate "1996.??.??"]
[PlyCount "95"]

1.d4 d5 2.Nf3 Nf6 3.c4 dxc4 4.e3 e6 5.Bxc4 c5 6.O-O a6 7.Nc3 b5 8.Bb3 Bb7 
9.Qe2 Nbd7 10.Rd1 Qb8 11.d5 c4 12.dxe6 fxe6 13.Bc2 Bd6 14.Ng5 Nc5 15.f4 
Qc7 16.b4 cxb3 17.axb3 O-O-O 18.b4 h6 19.bxc5 hxg5 20.Nxb5 axb5 21.cxd6 
Rxd6 22.Rxd6 Qxd6 23.Ba3 b4 24.Qc4+ Qc6 25.Qxc6+ Bxc6 26.Bxb4 Ng4 27.Bb3 
Nxe3 28.Bxe6+ Kc7 29.fxg5 Nc2 30.Rb1 Nxb4 31.Rxb4 Kd6 32.Bg4 Rf8 33.Rb2 
Rf4 34.h3 Bd5 35.Kh2 Ra4 36.Rd2 Ra2 37.Rxa2 Bxa2 38.Kg3 Ke7 39.Kf4 Kf7 40.
h4 Kg8 41.Ke5 Kh8 42.Be6 Bb1 43.Bf5 Ba2 44.Kd6 Bc4 45.Ke7 Be2 46.Kf8 Bd1 
47.g4 g6 48.h5 1-0

[Event "75th DEN-ch"]
[Site "Randers DEN"]
[Date "1996.??.??"]
[Round "7"]
[White "Kristiansen, Jens"]
[Black "Andreasen, Per"]
[Result "1/2-1/2"]
[WhiteElo "2440"]
[BlackElo "2325"]
[EventDate "1996.??.??"]
[PlyCount "84"]

1.e4 g6 2.d4 Bg7 3.Nf3 d6 4.Nc3 Nf6 5.h3 O-O 6.Be3 c6 7.a4 Nbd7 8.a5 e5 9.
dxe5 Nxe5 10.Nxe5 dxe5 11.Qxd8 Rxd8 12.Bc4 Nd7 13.Rd1 Bf6 14.Ke2 Nf8 15.
Rxd8 Bxd8 16.b4 Be6 17.Bxe6 Nxe6 18.Na4 Be7 19.c3 a6 20.Bb6 Kf8 21.h4 h5 
22.g3 Bd8 23.Rd1 Ke8 24.Ke3 Be7 25.Rb1 Rc8 26.Kd3 Bd6 27.Nb2 f6 28.Nc4 Bc7
29.Bxc7 Rxc7 30.Ke3 Rd7 31.f4 exf4+ 32.gxf4 Kf7 33.e5 Nc7 34.Nd6+ Ke6 35.
Ke4 Nd5 36.Rc1 fxe5 37.fxe5 Nf6+ 38.Kd4 Ng4 39.Re1 Nxe5 40.Rxe5+ Kxd6 41.
Rg5 Rg7 42.Kc4 Rg8 1/2-1/2

[Event "75th DEN-ch"]
[Site "Randers DEN"]
[Date "1996.??.??"]
[Round "8"]
[White "Borge, Nikolaj"]
[Black "Nielsen, Peter Heine"]
[Result "1/2-1/2"]
[WhiteElo "2455"]
[BlackElo "2495"]
[EventDate "1996.??.??"]
[PlyCount "44"]

1.e4 e5 2.Nf3 Nc6 3.Bb5 a6 4.Ba4 Nf6 5.O-O Be7 6.Re1 b5 7.Bb3 d6 8.c3 O-O 
9.h3 Nb8 10.d4 Nbd7 11.Nbd2 Bb7 12.Bc2 Re8 13.Nf1 Bf8 14.Ng3 g6 15.a4 c5 
16.d5 c4 17.Bg5 h6 18.Be3 Nc5 19.Qd2 h5 20.Bg5 Be7 21.Bh6 Nh7 22.Be3 Qc7 
1/2-1/2

[Event "75th DEN-ch"]
[Site "Randers DEN"]
[Date "1996.??.??"]
[Round "8"]
[White "Danielsen, Henrik"]
[Black "Hansen, Sune Berg"]
[Result "1/2-1/2"]
[WhiteElo "2485"]
[BlackElo "2495"]
[EventDate "1996.??.??"]
[PlyCount "67"]

1.d4 d5 2.Nf3 Nf6 3.c4 e6 4.Nc3 Be7 5.Bg5 O-O 6.cxd5 Nxd5 7.Bxe7 Qxe7 8.e3
Rd8 9.Bd3 Nf6 10.O-O c5 11.Qe2 Nc6 12.Rad1 cxd4 13.exd4 Nb4 14.Bb1 b6 15.
Rfe1 Bb7 16.Ne5 Rac8 17.Qe3 Nbd5 18.Qg3 Qb4 19.Ne4 Nxe4 20.Bxe4 f5 21.Bf3 
Qxb2 22.Bh5 Rc7 23.Nd3 Qa3 24.Rxe6 Bc8 25.Re2 Rc3 26.Qg5 Nf6 27.Ne5 Rxd4 
28.Rde1 Be6 29.Ng4 Ne4 30.Nf6+ Kh8 31.Rxe4 fxe4 32.Qe5 Qd6 33.Qxd6 Rxd6 
34.Nxe4 1/2-1/2

[Event "75th DEN-ch"]
[Site "Randers DEN"]
[Date "1996.??.??"]
[Round "8"]
[White "Hoei, Carsten"]
[Black "Kristiansen, Jens"]
[Result "1-0"]
[WhiteElo "2435"]
[BlackElo "2440"]
[EventDate "1996.??.??"]
[PlyCount "91"]

1.d4 f5 2.Bg5 g6 3.Nc3 Bg7 4.e3 Nf6 5.h4 h6 6.Bxf6 Bxf6 7.g4 e6 8.gxf5 
exf5 9.Nge2 Kf8 10.Nf4 Qe8 11.h5 g5 12.Ng6+ Kg7 13.Nxh8 Kxh8 14.Bd3 Bxd4 
15.Bxf5 Bg7 16.Bg6 Qe5 17.Qd5 Nc6 18.Qxe5 Nxe5 19.O-O-O c6 20.f4 gxf4 21.
exf4 Nxg6 22.hxg6 d5 23.Rde1 Bf5 24.Re7 b5 25.Rg1 Rf8 26.Nd1 d4 27.Nf2 Rf6
28.Re8+ Rf8 29.Rxf8+ Bxf8 30.Nd3 Kg7 31.Ne5 Bd6 32.Kd2 c5 33.c3 Bxe5 34.
fxe5 d3 35.Ke3 Bxg6 36.b4 c4 37.Rg2 Kf7 38.Rh2 h5 39.Rf2+ Ke7 40.Rf6 Bf7 
41.Ra6 Be8 42.Rxa7+ Bd7 43.a4 bxa4 44.b5 Kd8 45.b6 Bc6 46.Rh7 1-0

[Event "75th DEN-ch"]
[Site "Randers DEN"]
[Date "1996.??.??"]
[Round "8"]
[White "Mortensen, Erling"]
[Black "Hansen, Lars Bo"]
[Result "1/2-1/2"]
[WhiteElo "2430"]
[BlackElo "2565"]
[EventDate "1996.??.??"]
[PlyCount "141"]

1.e4 e6 2.d4 d5 3.Nc3 Bb4 4.e5 c5 5.a3 Ba5 6.b4 cxd4 7.Nb5 Bc7 8.f4 Ne7 9.
Bd3 Bd7 10.Nxc7+ Qxc7 11.Bb2 g5 12.Nf3 gxf4 13.Qe2 Nbc6 14.b5 Na5 15.Bxd4 
Nc4 16.a4 O-O-O 17.O-O Nf5 18.Bxf5 exf5 19.Qf2 Rhg8 20.Rfb1 b6 21.Ne1 Rg4 
22.h3 Rg3 23.Nd3 Rdg8 24.Nxf4 Na5 25.Rd1 Be6 26.Kh2 Nc4 27.Rd3 Rxd3 28.
cxd3 Nxe5 29.Bxe5 Qxe5 30.d4 Qc7 31.Qe3 Kd7 32.Rc1 Qb8 33.Kh1 Rc8 34.Re1 
Qd6 35.Nd3 Rc2 36.Ne5+ Kc8 37.Nc6 Kb7 38.Rf1 Rc4 39.Ra1 Bd7 40.Ne5 Rc2 41.
Qb3 Rc8 42.Nxf7 Qe6 43.Ne5 Be8 44.a5 Rd8 45.Nd3 Ka8 46.Nf4 Qd6 47.Nd3 h5 
48.Ne5 bxa5 49.Rxa5 Qb6 50.Qa4 h4 51.Kh2 Rd6 52.Ra6 Qxa6 53.Qxa6 Rxa6 54.
bxa6 Bb5 55.Nf3 Bxa6 56.Nxh4 Bd3 57.Ng6 a5 58.Nf4 Be4 59.h4 a4 60.h5 a3 
61.h6 a2 62.h7 a1=Q 63.h8=Q+ Kb7 64.Qg7+ Kb6 65.Qe5 Qa8 66.Kg3 Kb5 67.Qc7 
Qa3+ 68.Kh4 Qe3 69.Qe5 Kc4 70.Qc7+ Kb5 71.Qe5 1/2-1/2